ISO 26000 a spoločenská zodpovednosť

Na minha lista:
Detalhes bibliográficos
Autor principal: Dubcová, Gabriela, 1968-
Formato: Capítulo de Livro
Idioma:eslovaco
Assuntos:
Tags: Adicionar Tag
Sem tags, seja o primeiro a adicionar uma tag!

MARC

LEADER 00000nla$a2200000$$$4500
001 0118011
005 20240502072324.2
041 0 |a slo 
044 |a SK 
245 1 0 |a ISO 26000 a spoločenská zodpovednosť  |c Gabriela Dubcová 
610 2 0 |a normy ISO 
610 2 0 |a zodpovednosť spoločenská 
100 1 |a Dubcová, Gabriela, 1968-